Statistics for Click the Country - North and Central Africa

Click here to take the quiz!

General Stats

  • This quiz has been taken 157 times
  • The average score is 10 of 15

Answer Stats

HintAnswer% Correct
Casablanca is its largest cityMorocco
93%
Has the largest land area in AfricaAlgeria
86%
Has a population of less than 1 millionSao Tome and Principe
86%
Was formerly led by Muammar GaddafiLibya
83%
Was formerly a colony of BelgiumDemocratic Republic of the Congo
82%
Has a that is flag nearly identical to Romania'sChad
80%
About 10% of its population is Coptic ChristiansEgypt
78%
Contains the region of DarfurSudan
74%
Malabo is its capitalEquatorial Guinea
70%
Was the first country to participate in the Arab Spring protestsTunisia
64%
Has the world's lowest life expectancyCentral African Republic
61%
Is the fourth largest producer of diamondsAngola
53%
Is among the top 10 largest producers of cocoaCameroon
49%
Its second most populous city is Pointe-NoireRepublic of the Congo
42%
Has the world's second highest percent of land covered by forestGabon
38%

Score Distribution

Percentile by Number Answered

Percent of People with Each Score

Your Score History

You have not taken this quiz